Statistics for Common Foreign Sayings

Click here to take the quiz!

General Stats

  • This quiz has been taken 43 times
  • The average score is 7 of 18

Answer Stats

HintLanguageAnswer% Correct
A social blunderFrenchFaux Pas
73%
Have a nice tripFrenchBon Voyage
70%
God is greater / God is the greatestArabicAllahu Akbar
65%
Method of operatingLatinModus Operandi
57%
Something for something / An equal exchange.LatinQuid Pro Quo
57%
HealthGermanGesundheit
46%
God be with youOld EnglishGood Bye
46%
Done or donated without chargeLatinPro Bono
46%
Let the buyer bewareLatinCaveat Emptor
41%
The existing conditionLatinStatus Quo
41%
An unacceptable personLatinPersona Non Grata
38%
In a large groupFrenchEn Masse
35%
Cheers/HealthSpanishSalud
24%
Established factFrenchFait Accompli
22%
GenuineLatinBona Fide
19%
Unlimited authorityFrenchCarte Blanche
19%
To a sickening degreeLatinAd Nauseam
16%
A temperamental and conceited womanLatinPrima Donna
5%

Score Distribution

Percentile by Number Answered

Percent of People with Each Score

Your Score History

You have not taken this quiz